Neistota turbulentnej doby a možnosti zlyhania strategického plánovania
Ak chcú byť podniky úspešné na trhu plnom turbulencie, globalizácie a internacionalizácie, musia vedieť reagovať na zmeny vnútorné ale i vonkajšie. Turbulencia prostredia. Podstata strategického riadenia podnikov. Neistota doby a možnosti zlyhania strategického plánovania. Predpokladom úspešného str...
Enregistré dans:
| Auteur principal: | |
|---|---|
| Format: | Chapitre de livre |
| Langue: | slovaque |
| Sujets: | |
| Tags: |
Pas de tags, Soyez le premier à ajouter un tag!
|
MARC
| LEADER | 00000nla$a2200000$$$4500 | ||
|---|---|---|---|
| 001 | 0084291 | ||
| 005 | 20240502071941.7 | ||
| 041 | 0 | |a slo | |
| 044 | |a SK | ||
| 245 | 1 | 0 | |a Neistota turbulentnej doby a možnosti zlyhania strategického plánovania |c Veronika Nagyová |
| 520 | |a Ak chcú byť podniky úspešné na trhu plnom turbulencie, globalizácie a internacionalizácie, musia vedieť reagovať na zmeny vnútorné ale i vonkajšie. Turbulencia prostredia. Podstata strategického riadenia podnikov. Neistota doby a možnosti zlyhania strategického plánovania. Predpokladom úspešného strategického plánovania je aj prognózovanie. | ||
| 610 | 2 | 0 | |a podnik |
| 610 | 2 | 0 | |a prostredie podnikové |
| 610 | 2 | 0 | |a plánovanie strategické |
| 610 | 2 | 0 | |a prognózy podnikové |
| 100 | 1 | |a Nagyová, Veronika | |